Výber zamestnancov cez internetové sociálne siete bakalárska práca

Saved in:
Bibliographic Details
Main Author: Burik, Samuel
Corporate Author: Podnikovohospodárska fakulta EU so sídlom v Košiciach. Katedra manažmentu
Other Authors: Šefčíková, Denisa
Format: Book
Language:Slovak
Published: Košice 2019
Tags: Add Tag
No Tags, Be the first to tag this record!

MARC

LEADER 00000nbm a2200000 4500
001 0257763
005 20190923150913.6
041 0 |a slo 
044 |a SK 
245 1 0 |a Výber zamestnancov cez internetové sociálne siete  |b bakalárska práca  |c Samuel Burik ; školiteľ: Denisa Šefčíková 
264 1 |a Košice  |c 2019 
300 |a 49 s. 
100 1 |a Burik, Samuel 
700 1 |a Šefčíková, Denisa 
710 2 |a Podnikovohospodárska fakulta EU so sídlom v Košiciach. Katedra manažmentu